000 nam a22 7a 4500
999 _c9746
_d9746
008 180207b ||||| |||| 00| 0 eng d
100 _aBlyton, E
_95850
245 _aSecret seven fireworks
260 _aLondon
_bHadder Publication
_c2004